<?xml version="1.0" encoding="UTF-8"?>
<record
    xmlns:xsi="http://www.w3.org/2001/XMLSchema-instance"
    xsi:schemaLocation="http://www.loc.gov/MARC21/slim http://www.loc.gov/standards/marcxml/schema/MARC21slim.xsd"
    xmlns="http://www.loc.gov/MARC21/slim">

  <leader>00568nam a2200169Ia 4500</leader>
  <datafield tag="952" ind1=" " ind2=" ">
    <subfield code="0">0</subfield>
    <subfield code="1">0</subfield>
    <subfield code="2">lcc</subfield>
    <subfield code="4">0</subfield>
    <subfield code="7">0</subfield>
    <subfield code="a">11</subfield>
    <subfield code="b">11</subfield>
    <subfield code="d">2007-01-08</subfield>
    <subfield code="l">1</subfield>
    <subfield code="o">NK1510 M85 1985</subfield>
    <subfield code="p">11 002926</subfield>
    <subfield code="r">2019-01-29</subfield>
    <subfield code="s">2019-01-29</subfield>
    <subfield code="t">2</subfield>
    <subfield code="w">2012-06-26</subfield>
    <subfield code="y">LB</subfield>
  </datafield>
  <datafield tag="952" ind1=" " ind2=" ">
    <subfield code="0">0</subfield>
    <subfield code="1">0</subfield>
    <subfield code="2">lcc</subfield>
    <subfield code="4">0</subfield>
    <subfield code="7">0</subfield>
    <subfield code="a">11</subfield>
    <subfield code="b">11</subfield>
    <subfield code="d">2007-01-08</subfield>
    <subfield code="l">11</subfield>
    <subfield code="o">NK1510 M85 1985</subfield>
    <subfield code="p">11 002927</subfield>
    <subfield code="r">2025-03-12</subfield>
    <subfield code="s">2019-09-24</subfield>
    <subfield code="t">3</subfield>
    <subfield code="w">2012-06-26</subfield>
    <subfield code="y">LB</subfield>
  </datafield>
  <datafield tag="952" ind1=" " ind2=" ">
    <subfield code="0">0</subfield>
    <subfield code="1">0</subfield>
    <subfield code="2">lcc</subfield>
    <subfield code="4">0</subfield>
    <subfield code="7">0</subfield>
    <subfield code="a">11</subfield>
    <subfield code="b">11</subfield>
    <subfield code="d">2015-10-26</subfield>
    <subfield code="l">4</subfield>
    <subfield code="o">NK1510 M85 1985</subfield>
    <subfield code="p">11 006925</subfield>
    <subfield code="r">2026-06-17</subfield>
    <subfield code="s">2026-06-08</subfield>
    <subfield code="t">4</subfield>
    <subfield code="w">2015-10-26</subfield>
    <subfield code="y">LB</subfield>
  </datafield>
  <datafield tag="952" ind1=" " ind2=" ">
    <subfield code="0">0</subfield>
    <subfield code="1">0</subfield>
    <subfield code="2">lcc</subfield>
    <subfield code="4">0</subfield>
    <subfield code="7">0</subfield>
    <subfield code="a">11</subfield>
    <subfield code="b">11</subfield>
    <subfield code="d">2015-10-26</subfield>
    <subfield code="l">2</subfield>
    <subfield code="o">NK1510 M85 1985</subfield>
    <subfield code="p">11 006922</subfield>
    <subfield code="r">2026-05-13</subfield>
    <subfield code="s">2026-05-13</subfield>
    <subfield code="t">5</subfield>
    <subfield code="w">2015-10-26</subfield>
    <subfield code="y">LB</subfield>
  </datafield>
  <datafield tag="952" ind1=" " ind2=" ">
    <subfield code="0">0</subfield>
    <subfield code="1">0</subfield>
    <subfield code="2">lcc</subfield>
    <subfield code="4">0</subfield>
    <subfield code="7">0</subfield>
    <subfield code="a">11</subfield>
    <subfield code="b">11</subfield>
    <subfield code="d">2015-10-26</subfield>
    <subfield code="l">4</subfield>
    <subfield code="o">NK1510 M85 1985</subfield>
    <subfield code="p">11 006932</subfield>
    <subfield code="r">2025-04-22</subfield>
    <subfield code="s">2025-04-22</subfield>
    <subfield code="t">6</subfield>
    <subfield code="w">2015-10-26</subfield>
    <subfield code="y">LB</subfield>
  </datafield>
  <datafield tag="952" ind1=" " ind2=" ">
    <subfield code="0">0</subfield>
    <subfield code="1">0</subfield>
    <subfield code="2">lcc</subfield>
    <subfield code="4">0</subfield>
    <subfield code="7">0</subfield>
    <subfield code="a">11</subfield>
    <subfield code="b">11</subfield>
    <subfield code="d">2015-11-10</subfield>
    <subfield code="l">5</subfield>
    <subfield code="o">NK1510 M85 1985</subfield>
    <subfield code="p">11 012824</subfield>
    <subfield code="r">2026-05-13</subfield>
    <subfield code="s">2026-05-13</subfield>
    <subfield code="t">7</subfield>
    <subfield code="w">2015-11-10</subfield>
    <subfield code="y">LB</subfield>
  </datafield>
  <datafield tag="952" ind1=" " ind2=" ">
    <subfield code="0">0</subfield>
    <subfield code="1">0</subfield>
    <subfield code="2">lcc</subfield>
    <subfield code="4">0</subfield>
    <subfield code="7">0</subfield>
    <subfield code="a">11</subfield>
    <subfield code="b">11</subfield>
    <subfield code="d">2015-11-10</subfield>
    <subfield code="l">4</subfield>
    <subfield code="o">NK1510 M85 1985</subfield>
    <subfield code="p">11 012825</subfield>
    <subfield code="r">2025-03-20</subfield>
    <subfield code="s">2025-03-20</subfield>
    <subfield code="t">8</subfield>
    <subfield code="w">2015-11-10</subfield>
    <subfield code="y">LB</subfield>
  </datafield>
  <datafield tag="952" ind1=" " ind2=" ">
    <subfield code="0">0</subfield>
    <subfield code="1">0</subfield>
    <subfield code="2">lcc</subfield>
    <subfield code="4">0</subfield>
    <subfield code="7">0</subfield>
    <subfield code="a">01</subfield>
    <subfield code="b">01</subfield>
    <subfield code="d">2023-04-01</subfield>
    <subfield code="l">0</subfield>
    <subfield code="o">NK1510 M85 1985</subfield>
    <subfield code="p">16 004371</subfield>
    <subfield code="r">2023-07-13</subfield>
    <subfield code="t">1</subfield>
    <subfield code="w">2023-04-01</subfield>
    <subfield code="y">LB</subfield>
  </datafield>
  <datafield tag="999" ind1=" " ind2=" ">
    <subfield code="c">68442</subfield>
    <subfield code="d">68442</subfield>
  </datafield>
  <controlfield tag="008">120626s1985    sp a          000 0 spa d</controlfield>
  <datafield tag="020" ind1=" " ind2=" ">
    <subfield code="a">8425212030</subfield>
  </datafield>
  <datafield tag="050" ind1=" " ind2=" ">
    <subfield code="a">NK1510</subfield>
    <subfield code="b">M85 1985</subfield>
  </datafield>
  <datafield tag="100" ind1=" " ind2=" ">
    <subfield code="a">Munari, Bruno</subfield>
    <subfield code="d">1907 - 1998</subfield>
    <subfield code="e">editor</subfield>
  </datafield>
  <datafield tag="245" ind1=" " ind2=" ">
    <subfield code="a">Dise&#xF1;o y comunicaci&#xF3;n visual</subfield>
    <subfield code="b">: Contribuci&#xF3;n a una metodolog&#xED;a did&#xE1;ctica</subfield>
    <subfield code="c">/ Bruno Munari</subfield>
  </datafield>
  <datafield tag="260" ind1=" " ind2=" ">
    <subfield code="a">Barcelona, Espa&#xF1;a</subfield>
    <subfield code="b">: Gustavo Gili</subfield>
    <subfield code="c">, 1985</subfield>
  </datafield>
  <datafield tag="300" ind1=" " ind2=" ">
    <subfield code="a">365 p&#xE1;g.</subfield>
    <subfield code="b">: il.</subfield>
  </datafield>
  <datafield tag="519" ind1=" " ind2=" ">
    <subfield code="a">Material complementario /</subfield>
    <subfield code="d">16 004371</subfield>
  </datafield>
  <datafield tag="650" ind1=" " ind2=" ">
    <subfield code="a">DISE&#xD1;O DECORATIVO</subfield>
  </datafield>
  <datafield tag="650" ind1=" " ind2=" ">
    <subfield code="a">DISE&#xD1;O INDUSTRIAL</subfield>
  </datafield>
  <datafield tag="942" ind1=" " ind2=" ">
    <subfield code="c">LB</subfield>
    <subfield code="2">lcc</subfield>
  </datafield>
</record>
